[Event "XXI Weekend B"]
[Site "Ceriano Laghetto ITA"]
[Date "2012.03.??"]
[Round "4"]
[White "Giovarruscio, Gabriele"]
[Black "Colombo, Luca"]
[WhiteElo "1722"]
[BlackElo "1887"]
[Result "1-0"]
[PlyCount "65"]
[EventDate "2012.03.23"]

1. d4 Nf6 2. c4 e5 3. d5 Bb4+ 4. Bd2 Qe7 5. Nc3 O-O 6. a3 Bxc3 7. Bxc3 a5 8.
Nf3 d6 9. e3 Bg4 10. Be2 Nbd7 11. Nd2 Bxe2 12. Qxe2 Nc5 13. O-O Rfe8 14. Rab1
Na4 15. Rfc1 Nxc3 16. Rxc3 e4 17. Nb3 Qe5 18. Nd4 Nd7 19. b4 axb4 20. axb4 f5
21. Qd2 Nf6 22. h3 g5 23. Ne6 Rxe6 24. dxe6 Qxe6 25. Qd4 c6 26. Rcc1 g4 27. h4
Nd7 28. Rd1 Ne5 29. Qxd6 Qxd6 30. Rxd6 Nxc4 31. Rd7 Ra7 32. b5 Na3 33. bxc6 1-0

[Event "XXI Weekend B"]
[Site "Ceriano Laghetto ITA"]
[Date "2012.03.??"]
[Round "4"]
[White "Lancianese, Giuseppe"]
[Black "Ruo, Andrea"]
[WhiteElo "1719"]
[BlackElo "1638"]
[Result "1/2-1/2"]
[PlyCount "54"]
[EventDate "2012.03.23"]

1. d4 Nf6 2. Nf3 g6 3. Bf4 Bg7 4. e3 d6 5. Bd3 O-O 6. h3 Nbd7 7. O-O Re8 8. Bc4
e5 9. dxe5 Nxe5 10. Nxe5 dxe5 11. Bg5 c6 12. Nc3 Qb6 13. Bb3 h6 14. Bxf6 Bxf6
15. Qf3 Qd8 16. Ne4 Kg7 17. Rad1 Qe7 18. Rd6 Be6 19. Bxe6 fxe6 20. Qxf6+ Qxf6
21. Nxf6 Kxf6 22. Rfd1 Kf7 23. Kf1 Kf6 24. Ke2 Kf5 25. g4+ Kg5 26. Kf3 Kh4 27.
Kg2 Re7 1/2-1/2

[Event "XXI Weekend B"]
[Site "Ceriano Laghetto ITA"]
[Date "2012.03.??"]
[Round "4"]
[White "Lipari, Alberto"]
[Black "Regorda, Vittorio"]
[WhiteElo "1609"]
[BlackElo "1843"]
[Result "0-1"]
[PlyCount "110"]
[EventDate "2012.03.23"]

1. c4 Nf6 2. d4 c6 3. Nc3 d5 4. cxd5 cxd5 5. Nf3 a6 6. a4 Bf5 7. Bg5 e6 8. e3
Be7 9. Bxf6 gxf6 10. Qb3 Qd7 11. Rc1 Nc6 12. Be2 O-O 13. Nh4 Bg6 14. O-O Kh8
15. Rfd1 Rg8 16. Bd3 Bxd3 17. Rxd3 f5 18. Nf3 Rg7 19. Ne2 Rag8 20. g3 h5 21.
Nf4 h4 22. Nh5 Rh7 23. Nf4 hxg3 24. fxg3 Bd6 25. Kf2 Na5 26. Qc2 Nc6 27. Qe2
Nb4 28. Rdd1 Qxa4 29. Rh1 Qb5 30. Qd1 Bxf4 31. Rc5 Nd3+ 32. Kg2 Nxb2 33. exf4
Qxc5 34. dxc5 Nxd1 35. Rxd1 Rc8 36. Rc1 f6 37. Nd4 Re7 38. h4 b5 39. Kh3 b4 40.
c6 Kg7 41. Re1 Kf7 42. h5 b3 43. Nxb3 Rxc6 44. h6 Kg6 45. Nd4 Rb6 46. h7 Rxh7+
47. Kg2 Re7 48. Nf3 Rb2+ 49. Kf1 Kf7 50. Nd4 a5 51. Nc6 Rd7 52. Nxa5 Rc7 53.
Re2 Rc1+ 54. Kf2 Rb5 55. Ra2 Rcc5 0-1

[Event "XXI Weekend B"]
[Site "Ceriano Laghetto ITA"]
[Date "2012.03.??"]
[Round "4"]
[White "Mason, Giovanni"]
[Black "Manca, Renato"]
[WhiteElo "1673"]
[BlackElo "1701"]
[Result "1-0"]
[PlyCount "66"]
[EventDate "2012.03.23"]

1. e4 d5 2. exd5 c6 3. dxc6 Nxc6 4. Nf3 Bg4 5. Be2 Qc7 6. Nc3 O-O-O 7. O-O e5
8. d3 f5 9. Nd2 Nf6 10. f3 Bc5+ 11. Kh1 Bh5 12. a3 Nd4 13. b4 Nxe2 14. Nxe2 Bd4
15. Nxd4 Rxd4 16. Bb2 Rd5 17. Rc1 e4 18. Qe1 exf3 19. Nxf3 Re8 20. Qf2 Bxf3 21.
gxf3 b6 22. Rfe1 Rxe1+ 23. Rxe1 Qc6 24. Re7 Ng4 25. Qg2 Qd6 26. Rxg7 Ne3 27.
Rg8+ Kb7 28. Rg7+ Ka6 29. Qf2 Nd1 30. b5+ Rxb5 31. Qd4 Qe6 32. Bc3 Nxc3 33.
Qxc3 Qe2 1-0

[Event "XXI Weekend B"]
[Site "Ceriano Laghetto ITA"]
[Date "2012.03.??"]
[Round "4"]
[White "Merlotti, Marco"]
[Black "Moroni, Luca"]
[WhiteElo "1734"]
[BlackElo "1801"]
[Result "1/2-1/2"]
[PlyCount "22"]
[EventDate "2012.03.23"]

1. d4 d5 2. c4 e6 3. Nc3 c6 4. e3 Nf6 5. Nf3 Ne4 6. Nxe4 dxe4 7. Nd2 f5 8. Be2
Bd6 9. O-O O-O 10. Re1 Qh4 11. Nf1 Nd7 1/2-1/2

[Event "XXI Weekend B"]
[Site "Ceriano Laghetto ITA"]
[Date "2012.03.??"]
[Round "4"]
[White "Miracola, Giorgia"]
[Black "Berardi, Alessandro"]
[WhiteElo "1796"]
[BlackElo "1604"]
[Result "1-0"]
[PlyCount "79"]
[EventDate "2012.03.23"]

1. e4 d5 2. exd5 Nf6 3. d4 Nxd5 4. c4 Nf6 5. Nc3 c5 6. d5 e6 7. Bg5 Be7 8. Bxf6
Bxf6 9. Qc2 Na6 10. a3 O-O 11. Bd3 h6 12. Nge2 exd5 13. cxd5 Bxc3+ 14. Nxc3
Re8+ 15. Be2 Qg5 16. O-O Nc7 17. Bf3 Bf5 18. Qb3 Rab8 19. Rfe1 b6 20. Nb5 Nxb5
21. Qxb5 Qd8 22. Red1 Qd7 23. Qc4 Rbd8 24. Rac1 Qd6 25. Qa2 Qd7 26. Qc4 Qd6 27.
Qa4 Qd7 28. Qf4 Kf8 29. h3 Bg6 30. b4 cxb4 31. Qxb4+ Qd6 32. Qa4 Qd7 33. Qc4
Bf5 34. Qf4 Re7 35. d6 Ree8 36. Bc6 Qe6 37. Bxe8 Rxe8 38. d7 Rd8 39. Rc8 Ke7
40. Qb4+ 1-0

[Event "XXI Weekend B"]
[Site "Ceriano Laghetto ITA"]
[Date "2012.03.??"]
[Round "4"]
[White "Napoli, Ferdinando"]
[Black "Confalonieri, Luca"]
[WhiteElo "1724"]
[BlackElo "1605"]
[Result "1/2-1/2"]
[PlyCount "52"]
[EventDate "2012.03.23"]

1. e4 e5 2. Nf3 Nc6 3. Bb5 a6 4. Ba4 Nf6 5. O-O b5 6. Bb3 Bc5 7. c3 O-O 8. d4
exd4 9. cxd4 Bb6 10. Nc3 d6 11. h3 Na5 12. Bc2 d5 13. exd5 Nxd5 14. Nxd5 Qxd5
15. Re1 Qh5 16. Re5 f5 17. b3 Bb7 18. d5 Rae8 19. Bb2 Rxe5 20. Nxe5 Qh4 21. Qd2
Rd8 22. Bxf5 Bxd5 23. Rd1 c6 24. Bd4 Bxd4 25. Qxd4 Qxd4 26. Rxd4 Re8 1/2-1/2

[Event "XXI Weekend B"]
[Site "Ceriano Laghetto ITA"]
[Date "2012.03.??"]
[Round "4"]
[White "Origgio, Stefano"]
[Black "Falchi, Claudio"]
[WhiteElo "1716"]
[BlackElo "1887"]
[Result "0-1"]
[PlyCount "72"]
[EventDate "2012.03.23"]

1. d4 e6 2. c4 f5 3. Nf3 Nf6 4. g3 d5 5. Nc3 c6 6. cxd5 exd5 7. Bg2 Bd6 8. e3
O-O 9. O-O Qe7 10. Bd2 Bd7 11. Rc1 Be8 12. a3 Bh5 13. Qb3 Ne4 14. Be1 Nd7 15.
Qxb7 Bxf3 16. Nxd5 cxd5 17. Qxd5+ Qf7 18. Qxf7+ Kxf7 19. Bxf3 Rac8 20. Ba5 Nb6
21. Bxb6 axb6 22. Rfd1 Ke7 23. Be2 Rfd8 24. f3 Nf6 25. Kf2 Bb8 26. b3 Nd5 27.
Bc4 b5 28. Bd3 Nc3 29. Rf1 g6 30. e4 fxe4 31. fxe4 Ba7 32. Kf3 Rxd4 33. Bb1
Rf8+ 34. Kg2 Rxf1 35. Kxf1 Nxb1 36. Rc7+ Rd7 0-1

[Event "XXI Weekend B"]
[Site "Ceriano Laghetto ITA"]
[Date "2012.03.??"]
[Round "4"]
[White "Pedemonte, Claudio"]
[Black "Turchi, Alessandro"]
[WhiteElo "1851"]
[BlackElo "1697"]
[Result "1-0"]
[PlyCount "69"]
[EventDate "2012.03.23"]

1. c4 c6 2. d4 d5 3. Nf3 h6 4. e3 Bf5 5. Bd3 Bxd3 6. Qxd3 e6 7. Nc3 Nf6 8. O-O
Be7 9. b3 O-O 10. cxd5 Nxd5 11. Bb2 Nd7 12. Nxd5 exd5 13. Rfe1 Qc7 14. Rac1 Bb4
15. Re2 Rfe8 16. Qf5 Bd6 17. Rec2 Nf6 18. Ne5 Re6 19. f4 Bxe5 20. fxe5 Ne4 21.
Rf1 g6 22. Qf3 Rd8 23. Ba3 Rd7 24. b4 a6 25. Bc1 f6 26. Qh3 Ng5 27. Qxh6 Qd8
28. Qxg6+ Rg7 29. Qf5 fxe5 30. h4 Rf7 31. Qxg5+ Qxg5 32. hxg5 Rg7 33. Rf5 exd4
34. exd4 Re4 35. Rcf2 1-0

[Event "XXI Weekend B"]
[Site "Ceriano Laghetto ITA"]
[Date "2012.03.??"]
[Round "4"]
[White "Recanatini, Italo"]
[Black "Montilli, Vincenzo"]
[WhiteElo "1810"]
[BlackElo "1813"]
[Result "1/2-1/2"]
[PlyCount "95"]
[EventDate "2012.03.23"]

1. e4 c5 2. Nf3 e6 3. c3 d5 4. exd5 Qxd5 5. d4 Nf6 6. h3 Nc6 7. Be2 Be7 8. Be3
cxd4 9. cxd4 O-O 10. Nc3 Qd6 11. O-O Nb4 12. Bc4 b6 13. a3 Nbd5 14. Nb5 Qd8 15.
Rc1 Bb7 16. Bxd5 Nxd5 17. Nc3 Rc8 18. Nxd5 Qxd5 19. Qe2 Qh5 20. Rxc8 Rxc8 21.
Rc1 Rxc1+ 22. Bxc1 Bxf3 23. Qxf3 Qxf3 24. gxf3 Kf8 25. Kf1 Ke8 26. Ke2 Kd7 27.
Kd3 Kd6 28. Kc4 a6 29. a4 Kc6 30. b3 b5+ 31. axb5+ axb5+ 32. Kd3 Kd5 33. Kc3
Bd6 34. Kd3 f5 35. f4 Bb4 36. f3 Be1 37. Be3 Kd6 38. Bc1 Bh4 39. Bd2 Bd8 40.
Bc3 g5 41. fxg5 Bxg5 42. Be1 Bf4 43. Bf2 Ke7 44. Bh4+ Kf7 45. Bd8 Bd6 46. Bb6
Bb4 47. Bc5 Be1 48. Bd6 1/2-1/2

[Event "XXI Weekend B"]
[Site "Ceriano Laghetto ITA"]
[Date "2012.03.??"]
[Round "4"]
[White "Rossi, Giampiero"]
[Black "Adami, Antonio"]
[WhiteElo "1896"]
[BlackElo "1705"]
[Result "1-0"]
[PlyCount "99"]
[EventDate "2012.03.23"]

1. d4 f5 2. Bg5 h6 3. Bh4 g5 4. Bg3 Nf6 5. e3 d6 6. c3 e6 7. Nd2 Bd7 8. f3 Nc6
9. Bd3 Ne7 10. Ne2 Ned5 11. Bf2 Ne7 12. Qb3 Bc6 13. Qxe6 Bg7 14. Qb3 Qd7 15. a4
a6 16. O-O d5 17. Qc2 O-O 18. b3 b6 19. Rac1 Bb7 20. c4 Rac8 21. c5 Ne8 22. Qb1
Nc6 23. b4 Ra8 24. Qb3 a5 25. cxb6 Nxb4 26. Bb1 cxb6 27. Nc3 Ba6 28. Rfe1 Kh8
29. Na2 Nxa2 30. Bxa2 Rb8 31. Rc3 b5 32. Qxd5 Qxd5 33. Bxd5 Nf6 34. Bb3 bxa4
35. Bxa4 Rb4 36. Ra1 Bb5 37. Bxb5 Rxb5 38. Rca3 Ra8 39. Ra4 Bf8 40. Nc4 Bb4 41.
Be1 Bxe1 42. Rxe1 Rb4 43. Rea1 Rab8 44. R1a2 Rc8 45. Rxb4 axb4 46. Nd2 Rc1+ 47.
Kf2 Nd5 48. Ra8+ Kg7 49. Rb8 Kf6 50. g3 1-0

[Event "XXI Weekend B"]
[Site "Ceriano Laghetto ITA"]
[Date "2012.03.??"]
[Round "4"]
[White "Tagliaferri, Valerio"]
[Black "Burani, Eugenio"]
[WhiteElo "1851"]
[BlackElo "1879"]
[Result "1/2-1/2"]
[PlyCount "76"]
[EventDate "2012.03.23"]

1. c4 c5 2. Nc3 Nf6 3. e4 d6 4. g3 g6 5. Bg2 Bg7 6. Nge2 Nc6 7. O-O O-O 8. d3
Bd7 9. h3 Qc8 10. Kh2 Rb8 11. Rb1 a6 12. a3 b5 13. cxb5 axb5 14. b4 Qa6 15.
bxc5 dxc5 16. Be3 Nd4 17. e5 Nxe2 18. Nxe2 Nh5 19. Bxc5 Bxe5 20. Bxe7 Rfe8 21.
Bg5 Rbc8 22. d4 Bg7 23. Re1 Nf6 24. Nc3 h5 25. Bf1 Rxe1 26. Qxe1 Re8 27. Qd2
Qc8 28. Qf4 h4 29. Qxh4 Nh5 30. Bxb5 Bxb5 31. Rxb5 Qe6 32. Rb1 Qf5 33. Rb2 Qf3
34. Qg4 Qxc3 35. Re2 Rxe2 36. Qxe2 Bxd4 37. Qe8+ Kh7 38. Qxf7+ Ng7 1/2-1/2

[Event "XXI Weekend B"]
[Site "Ceriano Laghetto ITA"]
[Date "2012.03.??"]
[Round "4"]
[White "Veri', Giustino"]
[Black "Adami, Alessandro"]
[WhiteElo "1696"]
[BlackElo "1727"]
[Result "0-1"]
[PlyCount "108"]
[EventDate "2012.03.23"]

1. d4 f5 2. e4 fxe4 3. Nc3 Nf6 4. Bg5 Nc6 5. Bxf6 exf6 6. Nxe4 Qe7 7. Qh5+ g6
8. Qe2 Nxd4 9. Nxf6+ Kd8 10. Qxe7+ Bxe7 11. Nd5 Nxc2+ 12. Kd2 Nxa1 13. Nxe7
Kxe7 14. Bd3 Nb3+ 15. axb3 d5 16. Nf3 Kf6 17. Re1 Bf5 18. Bxf5 gxf5 19. Ne5
Rad8 20. f4 Rhg8 21. Re2 c5 22. Kd3 Rg7 23. g3 h5 24. Nf3 Re7 25. Ne5 Rg8 26.
Rc2 Rc8 27. b4 b6 28. b5 Rxe5 29. fxe5+ Kxe5 30. Re2+ Kf6 31. b3 Rh8 32. Ra2
Rh7 33. Ra4 Re7 34. Rh4 Kg5 35. Ra4 d4 36. b4 Re3+ 37. Kd2 Rb3 38. bxc5 bxc5
39. Rxa7 Rxb5 40. h4+ Kg4 41. Rg7+ Kf3 42. Rg5 c4 43. Rxh5 Kxg3 44. Rh8 f4 45.
h5 f3 46. Rg8+ Kf2 47. h6 Rh5 48. Rg6 Kf1 49. Rd6 Rh2+ 50. Kd1 d3 51. Rd4 Rxh6
52. Rxc4 f2 53. Rg4 Rh2 54. Kd2 Rg2 0-1

[Event "XXI Weekend B"]
[Site "Ceriano Laghetto ITA"]
[Date "2012.03.??"]
[Round "5"]
[White "Adami, Alessandro"]
[Black "Burani, Eugenio"]
[WhiteElo "1727"]
[BlackElo "1879"]
[Result "1/2-1/2"]
[PlyCount "55"]
[EventDate "2012.03.23"]

1. e4 c5 2. Nc3 e6 3. Nge2 d5 4. exd5 exd5 5. d4 Nf6 6. Bg5 Be6 7. g3 Nbd7 8.
Bg2 cxd4 9. Nxd4 Bb4 10. Bd2 O-O 11. O-O Bg4 12. Qc1 Ne5 13. a3 Bc5 14. Nb3 Bb6
15. Kh1 Bf3 16. Bxf3 Nxf3 17. Qd1 Nxd2 18. Qxd2 a6 19. f3 Re8 20. Rae1 Qd7 21.
Rxe8+ Rxe8 22. Re1 Re6 23. Kg2 h6 24. Re2 d4 25. Ne4 Nxe4 26. Rxe4 Rxe4 27.
fxe4 Qd8 28. Qd3 1/2-1/2

[Event "XXI Weekend B"]
[Site "Ceriano Laghetto ITA"]
[Date "2012.03.??"]
[Round "5"]
[White "Adami, Antonio"]
[Black "Tagliaferri, Valerio"]
[WhiteElo "1705"]
[BlackElo "1851"]
[Result "1/2-1/2"]
[PlyCount "57"]
[EventDate "2012.03.23"]

1. e4 e5 2. d4 exd4 3. Qxd4 Nc6 4. Qe3 b6 5. Nc3 Bc5 6. Qg3 g6 7. Bd2 Bd6 8.
Qe3 Bb7 9. O-O-O Qf6 10. Nd5 Qg7 11. f4 f6 12. Bc3 O-O-O 13. g4 h6 14. g5 hxg5
15. fxg5 Ne5 16. gxf6 Nxf6 17. Nf3 Rde8 18. h3 Rhf8 19. Nxe5 Nxd5 20. exd5 Bxe5
21. Bxe5 Rxe5 22. Qb3 Qh6+ 23. Kb1 Bxd5 24. Ba6+ Bb7 25. Bxb7+ Kxb7 26. Rxd7
Ref5 27. Qc4 Qf4 28. Qxf4 Rxf4 29. b3 1/2-1/2

[Event "XXI Weekend B"]
[Site "Ceriano Laghetto ITA"]
[Date "2012.03.??"]
[Round "5"]
[White "Arruzza, Francesco"]
[Black "Pedemonte, Claudio"]
[WhiteElo "1830"]
[BlackElo "1851"]
[Result "1-0"]
[PlyCount "70"]
[EventDate "2012.03.23"]

1. e4 d6 2. d4 Nf6 3. Nc3 g6 4. Nf3 Bg7 5. Be2 c6 6. O-O O-O 7. h3 b6 8. Be3 h6
9. Qd2 Kh7 10. Rad1 Ba6 11. Rfe1 Bxe2 12. Qxe2 Qc7 13. Bf4 Qb7 14. e5 dxe5 15.
Nxe5 e6 16. Ne4 Qa6 17. Nxf6+ Bxf6 18. Qxa6 Nxa6 19. Nd7 Bg7 20. Nxf8+ Rxf8 21.
c3 Rc8 22. Kf1 Nc7 23. Bxc7 Rxc7 24. Re3 h5 25. Rdd3 b5 26. b3 a5 27. c4 b4 28.
d5 cxd5 29. cxd5 Rc2 30. Re2 Rc8 31. d6 Rd8 32. d7 Bf6 33. Rc2 Kg7 34. Rc8 Kf8
35. Ke2 Kg8 1-0

[Event "XXI Weekend B"]
[Site "Ceriano Laghetto ITA"]
[Date "2012.03.??"]
[Round "5"]
[White "Berardi, Alessandro"]
[Black "Origgio, Stefano"]
[WhiteElo "1604"]
[BlackElo "1716"]
[Result "1/2-1/2"]
[PlyCount "93"]
[EventDate "2012.03.23"]

1. e4 e5 2. Nf3 Nc6 3. Bb5 a6 4. Ba4 Nf6 5. O-O Be7 6. c3 b5 7. Bb3 d6 8. d4
O-O 9. h3 Bb7 10. Re1 Re8 11. a4 h6 12. d5 Nb8 13. axb5 axb5 14. Rxa8 Bxa8 15.
Na3 c6 16. dxc6 Bxc6 17. Qc2 Qd7 18. Nh4 Qb7 19. f3 Bd7 20. Qe2 Na6 21. Be3 Nc7
22. Ng6 b4 23. Nc4 bxc3 24. Nb6 cxb2 25. Qxb2 Be6 26. Nxe7+ Rxe7 27. Ba4 Na8
28. Rb1 Nxb6 29. Qxb6 Qxb6 30. Rxb6 Rc7 31. Rxd6 Bd7 32. Bxd7 Nxd7 33. Rd5 f6
34. Kf2 Nf8 35. Rc5 Rb7 36. Rc8 Kf7 37. Rc6 Ng6 38. Rd6 Nh4 39. Rd2 g5 40. Rd6
Ke7 41. Rd5 Kf7 42. Rd6 Ng6 43. Rd5 h5 44. Rd6 Rc7 45. Rd5 h4 46. Rd2 Ne7 47.
Rd1 1/2-1/2

[Event "XXI Weekend B"]
[Site "Ceriano Laghetto ITA"]
[Date "2012.03.??"]
[Round "5"]
[White "Brioschi, Camillo"]
[Black "Turchi, Alessandro"]
[WhiteElo "1839"]
[BlackElo "1697"]
[Result "1/2-1/2"]
[PlyCount "37"]
[EventDate "2012.03.23"]

1. d4 Nf6 2. c4 e6 3. Nc3 Bb4 4. e3 O-O 5. Bd3 d5 6. a3 Bxc3+ 7. bxc3 dxc4 8.
Bxc4 b6 9. Qf3 c6 10. e4 h6 11. e5 Nd5 12. Qg3 Kh8 13. Ne2 Bb7 14. O-O Nd7 15.
Be3 c5 16. Qh3 f5 17. g4 Nc7 18. Bxh6 gxh6 19. Qxh6+ 1/2-1/2

[Event "XXI Weekend B"]
[Site "Ceriano Laghetto ITA"]
[Date "2012.03.??"]
[Round "5"]
[White "Caldarola, Stefano"]
[Black "Moroni, Luca"]
[WhiteElo "1851"]
[BlackElo "1801"]
[Result "1/2-1/2"]
[PlyCount "30"]
[EventDate "2012.03.23"]

1. e4 e5 2. Nf3 Nc6 3. Bb5 d6 4. O-O Nf6 5. Re1 Be7 6. h3 O-O 7. c3 a6 8. Ba4
Bd7 9. d4 b5 10. Bc2 Rc8 11. d5 Na5 12. Nbd2 c5 13. c4 Rb8 14. b3 h6 15. Bd3
Nh7 1/2-1/2

[Event "XXI Weekend B"]
[Site "Ceriano Laghetto ITA"]
[Date "2012.03.??"]
[Round "5"]
[White "Confalonieri, Luca"]
[Black "Carbone, Lorenzo"]
[WhiteElo "1605"]
[BlackElo "1706"]
[Result "0-1"]
[PlyCount "54"]
[EventDate "2012.03.23"]

1. e4 c5 2. Nf3 d6 3. d4 cxd4 4. Nxd4 Nf6 5. Nc3 e6 6. Bc4 Be7 7. Nf3 O-O 8.
Bg5 h6 9. Bh4 a6 10. Qd2 b5 11. Bxf6 Bxf6 12. Bb3 Bb7 13. O-O-O b4 14. Na4 Bxe4
15. Qxb4 Bxf3 16. gxf3 d5 17. Rhg1 Nc6 18. Qg4 Qc7 19. h3 Na5 20. Kb1 Nxb3 21.
axb3 Rac8 22. c3 Rb8 23. Rd3 Rxb3 24. Qg3 Qc4 25. Rd4 Bxd4 26. cxd4 Qxd4 27.
Nc5 Qxb2# 0-1

[Event "XXI Weekend B"]
[Site "Ceriano Laghetto ITA"]
[Date "2012.03.??"]
[Round "5"]
[White "Falchi, Claudio"]
[Black "Giovarruscio, Gabriele"]
[WhiteElo "1887"]
[BlackElo "1722"]
[Result "1-0"]
[PlyCount "101"]
[EventDate "2012.03.23"]

1. e4 c6 2. Nf3 d5 3. Nc3 dxe4 4. Nxe4 Bf5 5. Ng3 Bg6 6. h4 h6 7. Ne5 Bh7 8.
Qh5 g6 9. Bc4 e6 10. Qe2 Nf6 11. Nxf7 Qe7 12. Nxh8 Bg7 13. h5 Bxh8 14. hxg6 Bg8
15. d4 Bg7 16. Bxh6 Bxh6 17. Rxh6 Nbd7 18. O-O-O O-O-O 19. Nf5 Qf8 20. g7 Qb4
21. c3 Qa5 22. Bxe6 Kc7 23. Re1 Re8 24. Qc4 Qxf5 25. Bxf5 Rxe1+ 26. Kd2 Bxc4
27. Kxe1 Ng8 28. Rh8 Bxa2 29. Bh7 Ndf6 30. Bxg8 Nxg8 31. Rh5 Bd5 32. g4 b5 33.
Re5 a5 34. f4 a4 35. g5 Kd6 36. f5 Bf7 37. f6 Kd7 38. Kf2 Bg6 39. Ke3 Kd6 40.
Re4 Kd7 41. Kf4 Kd6 42. Re7 c5 43. dxc5+ Kxc5 44. f7 Bxf7 45. Rxf7 Kc4 46. Rf8
Ne7 47. Ke5 Kb3 48. Re8 Ng8 49. Rxg8 Kxb2 50. Ra8 Kxc3 51. g8=Q 1-0

[Event "XXI Weekend B"]
[Site "Ceriano Laghetto ITA"]
[Date "2012.03.??"]
[Round "5"]
[White "Lancianese, Giuseppe"]
[Black "Casale, Anania"]
[WhiteElo "1719"]
[BlackElo "1725"]
[Result "0-1"]
[PlyCount "76"]
[EventDate "2012.03.23"]

1. d4 Nf6 2. Nf3 e6 3. Bf4 c5 4. e3 d5 5. c3 a6 6. Bd3 Be7 7. Nbd2 O-O 8. O-O
Nbd7 9. Qe2 Nh5 10. Ne5 Nxf4 11. exf4 Nf6 12. Ndf3 Bd6 13. Rfe1 b5 14. g3 Bb7
15. Qf1 Ne4 16. Qh3 Bxe5 17. fxe5 cxd4 18. Nxd4 h6 19. Rad1 Qe7 20. f3 Ng5 21.
Qg4 f5 22. exf6 Qxf6 23. f4 e5 24. Rxe5 Bc8 25. Qe2 Nh3+ 26. Kg2 Bd7 27. Bf5
Nxf4+ 28. gxf4 Bxf5 29. Rxf5 Qg6+ 30. Kf3 Rxf5 31. Nxf5 Qxf5 32. Qe5 Qh3+ 33.
Kf2 Qxh2+ 34. Kf3 Rd8 35. Rd4 Kh8 36. Qe6 Qh5+ 37. Kg3 Re8 38. Qg4 Re3+ 0-1

[Event "XXI Weekend B"]
[Site "Ceriano Laghetto ITA"]
[Date "2012.03.??"]
[Round "5"]
[White "Manca, Renato"]
[Black "Napoli, Ferdinando"]
[WhiteElo "1701"]
[BlackElo "1724"]
[Result "0-1"]
[PlyCount "80"]
[EventDate "2012.03.23"]

1. e4 c5 2. Nf3 d6 3. d4 cxd4 4. c3 Nf6 5. e5 dxe5 6. Nxe5 Nbd7 7. Bb5 a6 8.
Nxd7 Bxd7 9. Bc4 e6 10. O-O Rc8 11. Bb3 Be7 12. Qxd4 O-O 13. Rd1 Qa5 14. Bc2
Rfd8 15. Qh4 Bc6 16. Bd2 Qd5 17. Qh3 Qb5 18. Na3 Bxa3 19. bxa3 Qb2 20. Bd3 Ba4
21. Rab1 Qxa2 22. Ra1 Qd5 23. Bh6 Bxd1 24. Rxd1 Qh5 25. Qxh5 Nxh5 26. Be3 Nf6
27. Bg5 Rd5 28. h4 Rcd8 29. Bxh7+ Nxh7 30. Rxd5 Rxd5 31. Be3 b5 32. g4 Nf6 33.
f3 Rd3 34. Bd4 Nd5 35. Kf2 Nxc3 36. Be5 Nb1 37. Kg3 Nd2 38. Kf4 Nxf3 39. Ke4
Nxe5 40. Kxe5 Rd5+ 0-1

[Event "XXI Weekend B"]
[Site "Ceriano Laghetto ITA"]
[Date "2012.03.??"]
[Round "5"]
[White "Merlotti, Marco"]
[Black "Recanatini, Italo"]
[WhiteElo "1734"]
[BlackElo "1810"]
[Result "1-0"]
[PlyCount "101"]
[EventDate "2012.03.23"]

1. d4 d5 2. c4 c6 3. Nc3 Nf6 4. e3 e6 5. Nf3 b6 6. Qc2 Bb7 7. b3 Nbd7 8. Be2 h6
9. Bb2 Bd6 10. O-O O-O 11. Rfe1 Rc8 12. Rad1 Re8 13. Qb1 Bb4 14. a3 Bxc3 15.
Bxc3 Ne4 16. Ba1 f5 17. b4 Ba6 18. b5 cxb5 19. cxd5 exd5 20. Bxb5 Bxb5 21. Qxb5
Ndf6 22. Ne5 Nd6 23. Qd3 Nd7 24. Rc1 Nxe5 25. dxe5 Nc4 26. Qxf5 Nxa3 27. e6 Qe7
28. Rxc8 Rxc8 29. Qxd5 Nc2 30. Rc1 Rd8 31. Qe5 Nxa1 32. Qxa1 Qxe6 33. Qxa7 Rd6
34. Qb7 Kh7 35. g3 Rd2 36. Rc7 Qf6 37. Qe4+ Qg6 38. Qxg6+ Kxg6 39. Rc6+ Kf5 40.
Rxb6 h5 41. h4 g6 42. Kg2 Ra2 43. Kf3 Ra3 44. Rb5+ Kf6 45. Kf4 Ra6 46. e4 Re6
47. e5+ Kg7 48. Kg5 Kh7 49. Rb7+ Kh8 50. f4 Ra6 51. Kh6 1-0

[Event "XXI Weekend B"]
[Site "Ceriano Laghetto ITA"]
[Date "2012.03.??"]
[Round "5"]
[White "Montilli, Vincenzo"]
[Black "Miracola, Giorgia"]
[WhiteElo "1813"]
[BlackElo "1796"]
[Result "1-0"]
[PlyCount "78"]
[EventDate "2012.03.23"]

1. d4 Nf6 2. c4 c5 3. d5 d6 4. Nc3 g6 5. e4 b5 6. cxb5 a6 7. b6 Qxb6 8. h3 Bg7
9. Nf3 Qb4 10. a3 Qa5 11. Nd2 O-O 12. Bd3 Nbd7 13. Nc4 Qc7 14. O-O Ne5 15. Nxe5
dxe5 16. Qe2 Ne8 17. f4 Nd6 18. a4 c4 19. Bc2 Rb8 20. f5 Bd7 21. g4 Qb6+ 22.
Kh2 Ne8 23. Qxc4 Kh8 24. Qe2 Qd6 25. Kh1 gxf5 26. gxf5 Qf6 27. Qh5 Qb6 28. a5
Qc5 29. Bd3 Nc7 30. Qe2 Nb5 31. Nxb5 Bxb5 32. Be3 Qb4 33. Bb6 Bxd3 34. Qxd3
Rfc8 35. Rab1 Rc4 36. Rfe1 Rbc8 37. Re2 Bh6 38. Rg1 Bc1 39. Qg3 Bh6 1-0

[Event "XXI Weekend B"]
[Site "Ceriano Laghetto ITA"]
[Date "2012.03.??"]
[Round "5"]
[White "Regorda, Vittorio"]
[Black "Mason, Giovanni"]
[WhiteElo "1843"]
[BlackElo "1673"]
[Result "1-0"]
[PlyCount "21"]
[EventDate "2012.03.23"]

1. d4 d5 2. c4 e6 3. Nf3 c6 4. g3 Nf6 5. Bg2 dxc4 6. O-O Be7 7. Ne5 O-O 8. Nxc4
c5 9. dxc5 Qxd1 10. Rxd1 Bxc5 11. Ne5 1-0

[Event "XXI Weekend B"]
[Site "Ceriano Laghetto ITA"]
[Date "2012.03.??"]
[Round "5"]
[White "Rossi, Giampiero"]
[Black "Coppola, Federico"]
[WhiteElo "1896"]
[BlackElo "1825"]
[Result "1/2-1/2"]
[PlyCount "91"]
[EventDate "2012.03.23"]

1. d4 c5 2. dxc5 e6 3. c4 Bxc5 4. Nf3 Nf6 5. Nc3 Nc6 6. a3 O-O 7. Bg5 Be7 8. e3
b6 9. Be2 Bb7 10. O-O Rc8 11. Rc1 a6 12. Qc2 Na5 13. Nd2 d5 14. Rfd1 Qc7 15.
cxd5 exd5 16. Bxf6 Bxf6 17. Bg4 Rcd8 18. Nxd5 Qxc2 19. Nxf6+ gxf6 20. Rxc2 f5
21. Bh5 Rd7 22. b4 Nc6 23. Bf3 Rfd8 24. Bxc6 Bxc6 25. Rxc6 Rxd2 26. Rxd2 Rxd2
27. g3 Ra2 28. Rxb6 Rxa3 29. Kg2 Kg7 30. Kf3 Ra2 31. h4 f6 32. Rb7+ Kg6 33. Ra7
Rb2 34. Rxa6 Rxb4 35. Rd6 f4 36. Rd4 Rb2 37. Rxf4 Ra2 38. Kg2 Re2 39. Rd4 Ra2
40. Rd1 Rb2 41. Re1 Ra2 42. Kf1 Rb2 43. f3 Ra2 44. Re2 Ra3 45. Kf2 Ra4 46. e4
1/2-1/2

[Event "XXI Weekend B"]
[Site "Ceriano Laghetto ITA"]
[Date "2012.03.??"]
[Round "5"]
[White "Ruo, Andrea"]
[Black "Lipari, Alberto"]
[WhiteElo "1638"]
[BlackElo "1609"]
[Result "1-0"]
[PlyCount "60"]
[EventDate "2012.03.23"]

1. d4 g6 2. e4 Bg7 3. c4 d6 4. Nc3 Nc6 5. Nf3 Bg4 6. d5 Ne5 7. Be2 Bxf3 8. Bxf3
Nxc4 9. Qb3 Nb6 10. Be3 Nf6 11. O-O O-O 12. Rac1 a6 13. Rc2 Nfd7 14. Rfc1 Rc8
15. Bg4 Re8 16. Ne2 c5 17. dxc6 bxc6 18. Bxb6 Nxb6 19. Bxc8 Nxc8 20. Rxc6 Na7
21. Rxa6 Qd7 22. Qa4 Nb5 23. Rb6 Rc8 24. Rxc8+ Qxc8 25. Qxb5 Qg4 26. f3 Qh4 27.
Rb8+ Bf8 28. h3 e5 29. Qe8 Qh6 30. a4 d5 1-0